[Event "GRE-ch Online Rapid op 1st"]
[Site "Tornelo INT"]
[Date "2021.02.06"]
[Round "8"]
[White "Lagos, Hristos"]
[Black "Leftheriotis, Alexandros"]
[Result "1/2-1/2"]
[WhiteElo "1874"]
[BlackElo "1658"]
[PlyCount "75"]
[EventDate "2021.02.06"]
[EventType "swiss (rapid)"]
[EventRounds "8"]
[EventCountry "GRE"]
[SourceTitle "EXT 2023"]
[Source "ChessBase"]
[SourceDate "2022.10.05"]
[SourceVersion "1"]
[SourceVersionDate "2022.10.05"]
[SourceQuality "1"]

1. e4 Nf6 2. e5 Nd5 3. d4 d6 4. Nf3 dxe5 5. Nxe5 c6 6. c4 Nb4 7. Be3 Bf5 8. Nd3 e6 9. a3 Nxd3+ 10. Bxd3 Bxd3 11. Qxd3 Be7 12. 0-0 0-0 13. Nc3 Nd7 14. Rfd1 Nf6 15. h3 Qc7 16. Ne4 Rad8 17. Rd2 Rd7 18. Rad1 Rfd8 19. Nxf6+ Bxf6 20. Qe4 Qa5 21. Rd3 Qa4 22. b4 a5 23. d5 cxd5 24. cxd5 exd5 25. Rxd5 Rxd5 26. Rxd5 Rxd5 27. Qxd5 axb4 28. Qe4 Qd1+ 29. Kh2 Qd6+ 30. Bf4 Qe7 31. Qxb4 Qxb4 32. axb4 b5 33. Kg3 Be7 34. Bd2 f6 35. Kf4 Kf7 36. Ke4 Ke6 37. g4 g6 38. f3 1/2-1/2

[Event "Athens Georgiou CC op 4th"]
[Site "Athens"]
[Date "2018.03.31"]
[Round "4"]
[White "Efthimiou, Georgios"]
[Black "Lagos, Hristos"]
[Result "1-0"]
[WhiteElo "1673"]
[BlackElo "1881"]
[PlyCount "57"]
[EventDate "2018.03.10"]
[EventType "swiss"]
[EventRounds "7"]
[EventCountry "GRE"]
[SourceTitle "EXT 2020"]
[Source "ChessBase"]
[SourceDate "2019.10.17"]
[SourceVersion "1"]
[SourceVersionDate "2019.10.17"]
[SourceQuality "1"]

1. c4 e5 2. g3 g6 3. Bg2 Bg7 4. e3 d6 5. Ne2 Ne7 6. 0-0 0-0 7. d4 exd4 8. exd4 d5 9. c5 b6 10. b4 bxc5 11. bxc5 c6 12. Nbc3 Ba6 13. Re1 Nd7 14. Bf4 Re8 15. Qa4 Qc8 16. Bh3 f5 17. Bd6 Bc4 18. Nf4 Kf7 19. Ne6 Bf6 20. Nc7 Rd8 21. Nxa8 Qxa8 22. Rab1 Re8 23. Bxe7 Rxe7 24. Rxe7+ Kxe7 25. Bf1 Bxd4 26. Re1+ Kf7 27. Bxc4 Nxc5 28. Bxd5+ cxd5 29. Qxd4 1-0

[Event "Athens Iraklion op 20th"]
[Site "Athens"]
[Date "2017.06.19"]
[Round "3"]
[White "Lagos, Hristos"]
[Black "Korniotis, Filippos"]
[Result "1-0"]
[WhiteElo "1847"]
[BlackElo "2143"]
[PlyCount "47"]
[EventDate "2017.06.17"]
[EventType "swiss"]
[EventRounds "9"]
[EventCountry "GRE"]
[SourceTitle "CBM 179 Extra"]
[Source "ChessBase"]
[SourceDate "2017.08.23"]
[SourceVersion "1"]
[SourceVersionDate "2017.08.23"]
[SourceQuality "1"]

1. e4 e6 2. d4 d5 3. Nd2 Nf6 4. e5 Nfd7 5. Bd3 c5 6. c3 Nc6 7. Ngf3 Qb6 8. 0-0 cxd4 9. cxd4 Be7 10. Nb3 f6 11. Re1 0-0 12. exf6 Nxf6 13. Ne5 Nxe5 14. dxe5 Ng4 15. Be3 Nxe3 16. Rxe3 Rf7 17. Qh5 g6 18. Bxg6 hxg6 19. Qxg6+ Rg7 20. Qe8+ Bf8 21. Rc1 d4 22. Rf3 Qb4 23. Nc5 Qd2 24. Rxf8+ 1-0

[Event "GRE-chT 37th"]
[Site "Kallithea"]
[Date "2009.07.07"]
[Round "7"]
[White "Hrisomalis, Theodoros"]
[Black "Lagos, Hristos"]
[Result "1-0"]
[WhiteElo "1998"]
[BlackElo "1883"]
[PlyCount "73"]
[EventDate "2009.07.03"]
[EventType "team-tourn"]
[EventRounds "9"]
[EventCountry "GRE"]
[SourceTitle "CBM 131 Extra"]
[Source "ChessBase"]
[SourceDate "2009.09.03"]
[SourceVersion "2"]
[SourceVersionDate "2009.09.16"]
[SourceQuality "1"]

1. e4 c5 2. c3 d5 3. exd5 Qxd5 4. d4 Nc6 5. Nf3 Bg4 6. Be2 Nf6 7. c4 Qd7 8. d5 Bxf3 9. Bxf3 Nd4 10. Be3 Nxf3+ 11. Qxf3 b6 12. h3 g6 13. Nc3 Bg7 14. 0-0 0-0 15. Rfe1 h6 16. Bf4 Rfe8 17. Re2 a6 18. Rae1 Ra7 19. g4 b5 20. b3 bxc4 21. bxc4 Rb7 22. Be5 Nh7 23. Bxg7 Ng5 24. Qe3 Kxg7 25. f4 Nh7 26. Ne4 Qc8 27. Qc3+ Kg8 28. Nd6 Qb8 29. Nxe8 Qxe8 30. d6 e6 31. f5 Nf8 32. Qe3 Kh7 33. Qxc5 Qd8 34. Qc6 Rd7 35. c5 gxf5 36. gxf5 Qg5+ 37. Rg2 1-0